Is That a Mountain or Lake? Quiz Stats

 Plays Quiz Updated Jun 4, 2019

Score 0/24 Timer 05:00
0 Plays Today
Question Answer Wrong Answers
Kilimanjaro Mountain
95.2%
Lake
1.7%
Fuji Mountain
93.9%
Lake
3%
Superior Lake
93%
Mountain
3.9%
K2 Mountain
92.4%
Lake
4.4%
Matterhorn Mountain
89.8%
Lake
7%
Winnipeg Lake
88.2%
Mountain
8.7%
Titicaca Lake
86%
Mountain
10.9%
Lough Neagh Lake
84.8%
Mountain
12%
Mauna Kea Mountain
83.9%
Lake
13%
Ladoga Lake
81.4%
Mountain
15.4%
Denali Mountain
81%
Lake
16%
Elbrus Mountain
77.9%
Lake
18.9%
Great Bear Lake
76.6%
Mountain
20.4%
Great Slave Lake
76.3%
Mountain
20.4%
Tanganyika Lake
74.1%
Mountain
22.7%
Puncak Jaya Mountain
70.3%
Lake
26.4%
Turkana Lake
66.9%
Mountain
29.8%
Kosciuszko Mountain
65.7%
Lake
30.9%
Balkhash Lake
63.9%
Mountain
32.9%
Aconcagua Mountain
58.8%
Lake
38%
Kailash Mountain
57.8%
Lake
38.9%
Lhotse Mountain
57.1%
Lake
39.5%
Uvs Lake
54.3%
Mountain
42.5%
Issyk-Kul Lake
45.4%
Mountain
51.2%

You're not logged in!

Compare scores with friends on all Sporcle quizzes.
OR
Log In

Sporcle TV

Today on Sporcle TV


Watch our educational content, quiz creation guides, and fun videos on Sporcle TV.

Show Comments

Extras

Top Quizzes Today


Score Distribution

Your Account Isn't Verified!

In order to create a playlist on Sporcle, you need to verify the email address you used during registration. Go to your Sporcle Settings to finish the process.

Report this User

Report this user for behavior that violates our Community Guidelines.

Details: